Harry Potter od A do Z cz. 2 - Statystyki

Ogólne statystyki
  • Ten quiz został rozwiązany 278 razy
  • Średni wynik to 15 z 24
Statystyki odpowiedzi
Podpowiedź Odpowiedź % Poprawnych
Do niej kandydaci chętni do wzięcia udziału w Turnieju Trojmagicznym wrzucali pergamihy ze swoim imieniem i nazwiskiem (C) Czara Ognia
92%
Imię ojca Harry'ego (J) James
89%
Dzięki temu zaklęciu różdżka dawała promień światła (L) Lumos
88%
W jego sklepie można było kupić na ulicy Pokatnej różdżki (O) Ollivander
85%
Jednego z czterech domu Hogwartu (R) Ravenclaw
81%
Dzięki tej roślinie udało się wybudzić spetryfikowane ofiary Bazyliszka (M) Mandragora
80%
Był nim Remus Lupin i Fernir Greyback(W) Wilkołak
80%
Ogólna nazwa siedmiu "miejsc", w których Voldemort ukrył części swojej duszy(H) Horkruksy
79%
W tej grze zespołowej Harry grał na pozycji Szukającego (Q) Quidditch
78%
Złośliwy poltegreist Hogwartu (I) Irytek
77%
Tego przedmiotu nauczała profesor Sprout (Z) Zielarstwo
76%
Magiczne stworzenie, do których zaliczyć można Zgredka i Stworka (S) Skrzat domowy
75%
Tak miała na imię ropucha Nevville'a (T) Teodora
75%
Omen śmierci przybierający postać psa - jego wizerunek profesor Trelawney zobaczyła rzekomo w fusach Harry'ego (P) Ponurak
71%
Imię wuja Harry'ego (V) Vernon
70%
Z tego dworca odjeżdżał pociąg Londyn - Hogwart (K) Kings Cross
68%
Imię młodszego brata Hagrida(G) Graup
63%
Nazwa zespołu muzycznego, który swym występem uswietnil Bal Bożonarodzeniowy (F) Fatalne Jedze
39%
Magiczne stworzenie z długim rynkiem, znane z zamiłowania do byskotek (N) Niuchacz
38%
Jak ma na imię sąsiadka Harry'ego, która zeznawała na jego korzyść przed Wizengamotem? (A) Arabella
35%
Imię skrzatki domowej, oskarżonej o zamordowanie swej pani, przez fałszywe wspomnienia wszczepione jej przez Voldemorta. (B) Bujdka
27%
Imię Deagle'a, czarodzieja, jednego z członeków Zakonu Feniksa (D) Dedalus
27%
Tam wylądował Harry po niewłaściwym użyciu proszku Fiuu(U) Ulica Śmiertelnego Nokturnu
25%
Centrum Handlowe jego nazwiska znajdowało się na ulicy Pokatnej. Hermiona kupiła tam Krzywołapa. (E) Eeylop
10%
Nie znaleziono quizów pasujących do podanych kryteriów
Rozkład punktacji
Procent ludzi z każdym wynikiem
Percentyl według liczby udzielonych odpowiedzi
Twoja historia wyników
Nie rozwiązałeś tego quizu